Statistics for Random Sequential Oceanic Countries on a Map

Click here to take the quiz!

General Stats

  • This quiz has been taken 16,438 times
    (14,255 since last reset)
  • The average score is 12 of 14

Answers on the Map

Answers color-coded by a green-red scale on the quiz's map according to % correct below.
 

Answer Stats

Country% Correct
Australia
91%
New Zealand
91%
Papua New Guinea
91%
Federated States of Micronesia
88%
Fiji
88%
Kiribati
88%
Solomon Islands
88%
Nauru
87%
Palau
87%
Samoa
87%
Tonga
87%
Tuvalu
87%
Vanuatu
87%
Marshall Islands
86%

Score Distribution

Percentile by Number Answered

Percent of People with Each Score

Your Score History

You have not taken this quiz since the last reset